00218nam a2200097Ia 4500008004100000100000900041245003700050260000900087942000700096999001700103190216s9999||||xx |||||||||||||| ||und|| aNull 0aHindi-Nayi Kavitha Me Moolya Bod bNull cBK c18005d18005